<?xml version="1.0" encoding="UTF-8"?>
<record
    xmlns:xsi="http://www.w3.org/2001/XMLSchema-instance"
    xsi:schemaLocation="http://www.loc.gov/MARC21/slim http://www.loc.gov/standards/marcxml/schema/MARC21slim.xsd"
    xmlns="http://www.loc.gov/MARC21/slim">

  <leader>07257cam a2200433 i 4500</leader>
  <datafield tag="999" ind1=" " ind2=" ">
    <subfield code="c">17934</subfield>
    <subfield code="d">17934</subfield>
  </datafield>
  <controlfield tag="008">111212s2013    cauab    b    001 0 eng c</controlfield>
  <datafield tag="010" ind1=" " ind2=" ">
    <subfield code="a">  2011945171</subfield>
  </datafield>
  <datafield tag="020" ind1=" " ind2=" ">
    <subfield code="a">111183718X</subfield>
  </datafield>
  <datafield tag="020" ind1=" " ind2=" ">
    <subfield code="a">9781111837181</subfield>
  </datafield>
  <datafield tag="020" ind1=" " ind2=" ">
    <subfield code="a">9781111838164</subfield>
  </datafield>
  <datafield tag="050" ind1="0" ind2="0">
    <subfield code="a">GN60.N43J87 2013</subfield>
  </datafield>
  <datafield tag="100" ind1="1" ind2=" ">
    <subfield code="a">Jurmain, Robert,</subfield>
    <subfield code="e">author.</subfield>
  </datafield>
  <datafield tag="245" ind1="1" ind2="0">
    <subfield code="a">Essentials of physical anthropology /</subfield>
    <subfield code="c">Robert Jurmain, Lynn Kilgore, Wenda Trevathan.</subfield>
  </datafield>
  <datafield tag="250" ind1=" " ind2=" ">
    <subfield code="a">Ninth edition.</subfield>
  </datafield>
  <datafield tag="300" ind1=" " ind2=" ">
    <subfield code="a">xvii, 431 pages (loose leaf) :</subfield>
    <subfield code="b">color illustrations, color maps ;</subfield>
    <subfield code="c">28 cm</subfield>
  </datafield>
  <datafield tag="504" ind1=" " ind2=" ">
    <subfield code="a">Includes bibliographical references (pages 405-416) and index.</subfield>
  </datafield>
  <datafield tag="505" ind1="0" ind2=" ">
    <subfield code="a">ch. 1. Introduction to physical anthropology -- Biocultural evolution -- Cultural anthropology -- Archaeology -- Linguistic anthropology -- Physical anthropology -- Forensic anthropologists in the contemporary world -- ch. 2. The development of evolutionary theory -- In Darwin's shadow -- Natural selection -- Constraints of Nineteenth-century evolutionary theory -- Opposition to evolution -- ch. 3. The biological basis of life -- DNA structure -- DNA replication -- Protein synthesis -- Regulatory genes -- Coding and noncoding DNA -- Cell division -- Chromosomes -- Mitosis -- Meiosis -- ch. 4. Heredity and evolution -- Genetic principles discovered by Mendel -- Segregation -- Dominance and recessiveness -- Independent assortment -- Mendelian inheritance in humans -- Polygenic inheritance -- Genetic and environmental factors -- Mitochondrial inheritance -- Modern evolutionary theory -- Mutation -- Gene flow -- Genetic drift and founder effect -- ch. 5. Processes of macroevolution -- The human place in the organic world -- Principles of classification -- Cladistics -- Definition of species -- Fossil species -- Fossil genera -- Vertebrate evolutionary history -- Mammalian evolution -- Emergence of major mammalian groups -- Processes of macroevolution -- Adaptive radiation -- Microevolution and macroevolution -- ch. 6. An overview of primates -- Primate characteristics -- Primate adaptations -- Evolutionary factors -- Geographical distribution and habitats -- Diet and teeth -- Locomotion -- Primate classification -- Survey of living primates -- Lemurs and lorises -- Tarsiers -- Hominoids : apes and humans -- Endangered primates -- ch. 7. Primate behavior -- Evolution of behavior -- Social structure -- Primate social strategies -- Dominance -- Communication -- Aggressive interactions -- Affiliation and altruism -- Reproduction and reproductive behaviors -- Sexual selection -- Infanticide -- Mothers, fathers, and infants -- Primate cultural behavior -- Language -- Evolution of language -- Evolution of human language -- The primate continuum.</subfield>
  </datafield>
  <datafield tag="505" ind1="0" ind2=" ">
    <subfield code="a">ch. 8. Primate and hominin origins -- Eocene primates : closer connections to living primates -- Oligocene primates : anthropoid connections -- Miocene fossil hominoids : closer connections to apes and humans -- Biocultural evolution -- Science of paleoanthropology -- Early hominin tools -- Paleoanthropological dating methods -- Bipedal adaptation -- Early hominins from Africa -- Pre-Australopiths -- Australopiths -- Australopithecus afarensis -- Adaptive patterns of early African hominins -- Paleoanthropology : on the trail of our early ancestors and the environments in which they lived -- ch. 9. The first dispersal of the genus Homo : Homo erectus and contemporaries -- Morphology of Homo erectus -- Body size -- Brain size -- Cranial shape -- Homo erectus from Africa -- Homo erectus from Indonesia -- Homo erectus from China -- Zhoukoudian Homo erectus -- Discoveries from Asia -- Asian and African Homo erectus -- Later Homo erectus from Europe -- Technological trends during Homo erectus times -- ch. 10. Premodern humans -- The Pleistocene -- Dispersal of Middle Pleistocene hominins -- Premodern humans of the Middle Pleistocene -- Africa -- Europe -- Premodern human (H. heidelbergensis) fossils from Africa -- Premodern human (H. heidelbergensis) fossils from Europe -- Premodern human (H. heidelbergensis) fossils from Asia -- Middle Pleistocene evolution -- Middle Pleistocene culture -- Neandertals : premodern humans of the Late Pleistocene -- Western Europe -- Central Europe -- Western Asia -- Central Asia -- Culture of the Neandertals -- Technology -- Subsistence -- Neandertal fossil discoveries -- Speech and symbolic behavior -- Burials -- Molecular connections : the genetic evidence -- ch. 11. The origin and dispersal of modern humans -- Multiregional evolution -- Modern Homo sapiens discoveries form Africa and the Near East -- Asia -- Australia -- Central Europe -- Western Europe -- Modern Homo sapiens discoveries from Europe and Asia -- The "little people" -- Technology and art in Upper Paleolithic -- Europe -- Africa -- Upper Paleolithic culture -- ch. 12. Human variation and adaptation -- Concept of race -- Human polymorphisms -- Polymorphisms at the DNA level -- Human biocultural evolution -- Population genetics -- Adaptive significance of human variation -- Solar radiation and skin color -- The thermal environment -- High altitude -- Infectious disease -- Paleopathology : what bones can tell us about ancient diseases and injury -- ch. 13. Legacies of human evolutionary history : effects on the individual -- Biocultural evolution and the life course -- Human growth and development today and in the past -- Nutritional requirements for growth -- Genes and environment -- Hormones -- The human life cycle -- Pregnancy, birth, and infancy -- Childhood -- Adolescence -- Adulthood -- Aging and longevity -- Effects of technology on the brain -- ch. 14. The human disconnection -- Human impact on the planet and other life-forms -- Humans and the impact of culture -- Global climate change -- Impact on biodiversity -- Acceleration of evolutionary processes -- Appendix A. Atlas of primate skeletal anatomy -- Appendix B. Summary of early hominin fossil finds from Africa -- Appendix C. Population genetics -- Appendix D. Sexing and aging the skeleton.</subfield>
  </datafield>
  <datafield tag="650" ind1=" " ind2="0">
    <subfield code="a">Physical anthropology</subfield>
    <subfield code="v">Textbooks.</subfield>
  </datafield>
  <datafield tag="650" ind1=" " ind2="7">
    <subfield code="a">Physical anthropology.</subfield>
    <subfield code="2">fast</subfield>
  </datafield>
  <datafield tag="650" ind1=" " ind2="7">
    <subfield code="a">Humanbiologie.</subfield>
    <subfield code="2">gnd</subfield>
  </datafield>
  <datafield tag="655" ind1=" " ind2="7">
    <subfield code="a">Textbooks.</subfield>
    <subfield code="2">fast</subfield>
  </datafield>
  <datafield tag="700" ind1="1" ind2=" ">
    <subfield code="a">Kilgore, Lynn,</subfield>
    <subfield code="e">author.</subfield>
  </datafield>
  <datafield tag="700" ind1="1" ind2=" ">
    <subfield code="a">Trevathan, Wenda,</subfield>
    <subfield code="e">author.</subfield>
  </datafield>
  <datafield tag="856" ind1="4" ind2="2">
    <subfield code="3">Contributor biographical information</subfield>
    <subfield code="u">http://www.loc.gov/catdir/enhancements/fy1608/2011945171-b.html</subfield>
  </datafield>
  <datafield tag="856" ind1="4" ind2="2">
    <subfield code="3">Publisher description</subfield>
    <subfield code="u">http://www.loc.gov/catdir/enhancements/fy1608/2011945171-d.html</subfield>
  </datafield>
  <datafield tag="856" ind1="4" ind2="1">
    <subfield code="3">Table of contents only</subfield>
    <subfield code="u">http://www.loc.gov/catdir/enhancements/fy1608/2011945171-t.html</subfield>
  </datafield>
  <datafield tag="942" ind1=" " ind2=" ">
    <subfield code="2">lcc</subfield>
    <subfield code="c">BOOKS</subfield>
    <subfield code="h">GN60.N43J87 2013</subfield>
  </datafield>
  <datafield tag="952" ind1=" " ind2=" ">
    <subfield code="0">0</subfield>
    <subfield code="1">0</subfield>
    <subfield code="2">lcc</subfield>
    <subfield code="4">0</subfield>
    <subfield code="7">0</subfield>
    <subfield code="a">MUC</subfield>
    <subfield code="b">MUC</subfield>
    <subfield code="c">TECH</subfield>
    <subfield code="d">2016-11-30</subfield>
    <subfield code="e">Donation(BFA)</subfield>
    <subfield code="l">0</subfield>
    <subfield code="o">GN60.N43J87 2013</subfield>
    <subfield code="p">29181</subfield>
    <subfield code="r">2018-07-10</subfield>
    <subfield code="w">2016-11-30</subfield>
    <subfield code="y">BOOKS</subfield>
  </datafield>
</record>
